Standby and commercial letters of credit

Gespeichert in:
Bibliographische Detailangaben
1. Verfasser: Wunnicke, Brooke
Format: Buch
Sprache:Undetermined
Veröffentlicht: New York John Wiley 1996
Schlagworte:
Tags: Tag hinzufügen
Keine Tags, Fügen Sie den ersten Tag hinzu!
Thư viện lưu trữ: Trung tâm Học liệu Trường Đại học Cần Thơ
LEADER 00548nam a2200193Ia 4500
001 CTU_27132
008 210402s9999 xx 000 0 und d
020 |c 490 
082 |a 808.06634 
082 |b W965 
100 |a Wunnicke, Brooke 
245 0 |a Standby and commercial letters of credit 
245 0 |c Brooke Wunnicke, Diane B. Wunnicke, Paul S. Turner 
260 |a New York 
260 |b John Wiley 
260 |c 1996 
650 |a law - language 
904 |i Minh, Giang sửa 
980 |a Trung tâm Học liệu Trường Đại học Cần Thơ